000 02260nam a2200277 a 4500
001 ASIN0415566215
005 20170105102930.0
008 140115s2013 xxu eng d
020 _a0415566215 (hardcover)
_c$225.00
020 _a9780415566216 (hardcover)
040 _a0
050 0 4 _aJF197
082 0 4 _a320.4049
_bROU 2013
245 0 0 _aRoutledge handbook of regionalism & federalism /
_cJohn Loughlin, John Kincaid, Wilfried Swenden.
250 _a0th ed.
260 _a[S.l.] :
_bRoutledge,
_c2013.
300 _a640 p. ;
_c27 cm.
520 _aAlmost all states are either federal or regionalized in some sense. It is difficult to find a state that is entirely unitary and the Routledge Handbook of Regionalism and Federalism necessarily takes in almost the entire world. Both federalism and regionalism have been subjects of a vast academic literature mainly from political science but sometimes also from history, economics, and geography. This cutting edge examination seeks to evaluate the two types of state organization from the perspective of political science producing a work that is analytical rather than simply descriptive. The Handbook presents some of the latest theoretical reflections on regionalism and federalism and then moves on to discuss cases of both regionalism and federalism in key countries chosen from the world’s macro-regions. Assembling this wide range of case studies allows the book to present a general picture of current trends in territorial governance. The final chapters then examine failed federations such as Czechoslovakia and examples of transnational regionalism - the EU, NAFTA and the African Union. Covering evolving forms of federalism and regionalism in all parts of the world and featuring a comprehensive range of case studies by leading international scholars this work will be an essential reference source for all students and scholars of international politics, comparative politics and international relations.
650 0 _aFederal government
650 0 _aRegionalism
700 1 _aKincaid, John.
700 1 _aLoughlin, John.
700 1 _aSwenden, Wilfried.
856 4 0 _3Amazon.com
_uhttp://www.amazon.com/exec/obidos/ASIN/0415566215/chopaconline-20
942 _2ddc
_cBK
999 _c16008
_d16008